LIBRARY AUTOMATION (Record no. 216184)

MARC details
000 -LEADER
fixed length control field 00420nam a22001577a 4500
008 - FIXED-LENGTH DATA ELEMENTS--GENERAL INFORMATION
fixed length control field 251113b |||||||| |||| 00| 0 eng d
020 ## - INTERNATIONAL STANDARD BOOK NUMBER
International Standard Book Number 979-8-88715-081-9
100 ## - MAIN ENTRY--PERSONAL NAME
Personal name JOHNASON ERIC LAKE
245 ## - TITLE STATEMENT
Title LIBRARY AUTOMATION
260 ## - PUBLICATION, DISTRIBUTION, ETC.
Place of publication, distribution, etc. DUBLIN OH
Name of publisher, distributor, etc. ORYSON PRESS
Date of publication, distribution, etc. 2023
300 ## - PHYSICAL DESCRIPTION
Extent VI,289P.
500 ## - GENERAL NOTE
General note INCLUDES AN INDEX
650 ## - SUBJECT ADDED ENTRY
Topical term or geographic name entry element LIBRARY SCIENCE-DATA PROCESSING
942 ## - ADDED ENTRY ELEMENTS (KOHA)
Source of classification or shelving scheme Library of Congress Classification
Koha item type Long Loan Book
Holdings
Withdrawn status Lost status Source of classification or shelving scheme Damaged status Not for loan Collection Home library Current library Shelving location Date acquired Inventory number Total checkouts Full call number Barcode Date last seen Copy number Price effective from Koha item type
    Library of Congress Classification     Science & Technology Kisii University Library Kisii University Library On Display 11/13/2025 109779   Z 678 .J64 2023 000000023553 11/13/2025 C.1 11/13/2025 Long Loan Book
    Library of Congress Classification     Science & Technology Kisii University Library Kisii University Library On Display 11/13/2025 109780   Z 678 .J64 2023 000000023552 11/13/2025 C.2 11/13/2025 Long Loan Book
    Library of Congress Classification     Science & Technology Kisii University Library Kisii University Library On Display 11/13/2025 109781   Z 678 .J64 2023 000000023551 11/13/2025 C.3 11/13/2025 Long Loan Book
    Library of Congress Classification     Science & Technology Kisii University Library Kisii University Library On Display 11/13/2025 109782   Z 678 .J64 2023 000000023550 11/13/2025 C.4 11/13/2025 Long Loan Book